Zmeny v účtovných odhadoch v kontexte medzinárodných účtovných štandardov pre verejný sektor

Medzinárodný účtovný štandard pre verejný sektor - IPSAS 3. Zmeny v účtovných odhadoch, uplatňovanie zmien, účinky zmien.

Gespeichert in:
Bibliographische Detailangaben
1. Verfasser: Kršeková, Marianna
Format: Buchkapitel
Sprache:Slowakisch
Schlagworte:
Tags: Tag hinzufügen
Keine Tags, Fügen Sie das erste Tag hinzu!

MARC

LEADER 00000naa$a2200000$$$4500
001 0113941
005 20240613071254.6
041 0 |a slo 
044 |a SK 
245 1 0 |a Zmeny v účtovných odhadoch v kontexte medzinárodných účtovných štandardov pre verejný sektor  |c Marianna Kršeková 
520 |a Medzinárodný účtovný štandard pre verejný sektor - IPSAS 3. Zmeny v účtovných odhadoch, uplatňovanie zmien, účinky zmien. 
610 2 0 |a závierka účtovná 
610 2 0 |a sektor verejný 
610 2 0 |a štandardy účtovné medzinárodné 
100 1 |a Kršeková, Marianna